UBT Library

Business and Administrative Communication (Record no. 58101)

000 -LEADER
fixed length control field 00340nam a22001457a 4500
008 - FIXED-LENGTH DATA ELEMENTS--GENERAL INFORMATION
fixed length control field 210609b ||||| |||| 00| 0 eng d
020 ## - INTERNATIONAL STANDARD BOOK NUMBER
International Standard Book Number 9780072350739
041 ## - LANGUAGE CODE
Language code of text/sound track or separate title eng
080 ## - UNIVERSAL DECIMAL CLASSIFICATION NUMBER
Edition identifier 5th
Universal Decimal Classification number 33
082 ## - DEWEY DECIMAL CLASSIFICATION NUMBER
Classification number 33
100 ## - Rafti
Rafti 58
101 ## - Shkurtesa
Shkurtesa BIZ
245 ## - TITLE STATEMENT
Title Business and Administrative Communication
Statement of responsibility, etc Kitty O. Locker
942 ## - ADDED ENTRY ELEMENTS (KOHA)
Source of classification or shelving scheme
Item type Books
Holdings
Withdrawn status Lost status Source of classification or shelving scheme Damaged status Not for loan Collection code Permanent location Current location Shelving location Date acquired Total Checkouts Full call number Barcode Date last seen Price effective from Koha item type
          Koleksioni i përgjithshem UBT - Lipjan UBT - Lipjan Koleksioni i përgjithshem 06/09/2021   33 LOC 002-7003911 06/09/2021 06/09/2021 Books
UBT Library © 2015-2024. All rights reserved University Education for Business and Technology